| 000 | 00622cam a2200193 4500 | ||
|---|---|---|---|
| 001 | J64829 | ||
| 008 | 000000n2001 000 0 eng u | ||
| 035 | _a(Sirsi) u114130 | ||
| 050 | _a333.33709421 | ||
| 110 |
_aCB Hillier Parker _93660 |
||
| 245 | _aCentral London office market : market index brief. - Quarter 1-4 2001 | ||
| 260 |
_aLondon _bCB Hillier Parker _c2001 |
||
| 300 | _a4pt. ; 30cm. | ||
| 650 | _aPROPERTY-COMMERCIAL PROPERTY-OFFICE PROPERTY-OFFICE PROPERTY MARKET | ||
| 650 | _aOFFICES | ||
| 650 | _aCENTRAL LONDON | ||
| 690 | _aPROPERTY-COMMERCIAL PROPERTY-COMMERCIAL PROPERTY MARKET | ||
| 942 | _n0 | ||
| 999 |
_c101576 _d101576 |
||